000 00477nam a2200181Ia 4500
005 20250508161915.0
008 008 250505s9999 xx 000 0 eng d
037 _aTextual
040 _aFEDL
_beng
_cFEDL
041 _aeng
_2eng
084 _aF, KEY
_qFEDL
100 _aKeyes Mary Willard
_9771786
245 0 _aNiper green
260 _aLondon, UK
_bLongmans, Green and Co.
_c1938
300 _a294p.
942 _cTEXL
_hF, KEY
999 _c1373107
_d1373107